Bemerkungen zu Schulze's system einer deskriptiven terminologie,
Saved in:
| Main Author: | |
|---|---|
| Format: | Book Chapter |
| Language: | German |
| Published: |
Leipzig,
Verlag von E. Besold,
[1893.]
|
| Series: | [Geological pamphlets. Paleontology ;
877/901.]. |
| Subjects: | |
| Tags: |
Add Tag
No Tags, Be the first to tag this record!
|
| LEADER | 00747naa a2200217M 4500 | ||
|---|---|---|---|
| 001 | 005166111-X | ||
| 005 | 20020606095253.2 | ||
| 008 | 921123s1893 gw 000 0 ger d | ||
| 035 | 0 | |a ocm27277573 | |
| 040 | |a JHE |c JHE |d HMZ | ||
| 100 | 1 | |a Hyatt, Alpheus, |d 1838-1902. | |
| 245 | 0 | 0 | |a Bemerkungen zu Schulze's system einer deskriptiven terminologie, |c von Alpheus Hyatt ... |
| 260 | |a Leipzig, |b Verlag von E. Besold, |c [1893.] | ||
| 300 | |a p. [504]-511. |c 26 cm. | ||
| 490 | 1 | |a [Geological pamphlets. Paleontology ; |v 877/901.] | |
| 500 | |a Cover-title. | ||
| 600 | 1 | 0 | |a Schulze, Franz Eilhard, |d 1840-1921. |
| 773 | 0 | |t Biol. Centralbl. |g XIII. 1893. 504-511. | |
| 830 | 0 | |a [Geological pamphlets. |p Paleontology ; |v 877/901.]. | |
| 988 | |a 20020608 | ||
| 906 | |0 OCLC | ||


